00225nam a22000857a 4500008004100000082002200041245005100063260001700114300000800131230626b xxu||||| |||| 00| 0 eng d a337.036bMWA 2001 aCOMESAbRegional Intergration Research Network bCOMESAc2001 a36p